| 000 | 00538nam a2200193 a 4500 | ||
|---|---|---|---|
| 001 | 1771067063528 | ||
| 003 | YourLibrary | ||
| 005 | 20260214163805.0 | ||
| 008 | 260214s1995##################000#0#eng## | ||
| 020 | _a9781853462924 | ||
| 082 | 0 | 4 |
_a306.70875 _bFAI |
| 100 | 1 |
_aFairbairn, Gavin, _eauthor. |
|
| 245 | 1 | 0 | _aSexuality, Learning Difficulties and Doing What's Right : |
| 260 |
_bDavid Fulton Publishers, _c1995. |
||
| 300 | _a168 pages | ||
| 650 | 0 | _aEducation. | |
| 942 | _cENGLISH | ||
| 040 |
_aYourLibrary _beng _cYourLibrary |
||
| 999 |
_c612535 _d612535 |
||